Statistics for Top 10 U.S. States with the Longest Coastline

Click here to take the quiz!

General Stats

  • This quiz has been taken 16,301 times
    (14,577 since last reset)
  • The average score is 7 of 10

Answer Stats

Km State % Correct
2,740California
99%
4,850Florida
98%
37,300Alaska
93%
2,600Washington
89%
2,440Texas
88%
1,740Maine
73%
2,590North Carolina
63%
2,350Louisiana
59%
1,640Virginia
51%
1,820Maryland
36%

Score Distribution

Percentile by Number Answered

Percent of People with Each Score

Your Score History

You have not taken this quiz since the last reset